| 000 | 00573nam a22001697a 4500 | ||
|---|---|---|---|
| 999 |
_c130235 _d130235 |
||
| 008 | 200131b ||||| |||| 00| 0 eng d | ||
| 020 | _a9780241300756 | ||
| 050 |
_aHC79.T4 _bS3379 2017 |
||
| 100 |
_aSchwab, Klaus _949206 |
||
| 245 |
_aThe fourth industrial revolution _cKlaus Schwab |
||
| 260 |
_aUnited Kingdom _bPenguin _c2017 |
||
| 300 |
_aviii, 184p. ; _c24cm. |
||
| 650 |
_aTechnological innovations _xEconomic aspects _918279 |
||
| 650 |
_aTechnological innovations _xSocial aspects _941827 |
||
| 650 |
_aTechnology and civilization _949207 |
||
| 942 |
_2lcc _cMONOGRAPH |
||